01174nam a2200241 a 450000100060000000300090000600800410001502000120005604000280006808200090009610000450010524500510015026000470020130000060024850502190025465000610047365000340053465000540056894200120062299900170063495201560065195201250080713497CO-ViMGA141112s2004 ck r 000 u spa d a9636799 aCO-ViMGAbspacCO-ViMGA04aRUBp1 aRubin, Silvia.; Staszewaky, Luisa91966710aProyectos integrados : bjuguemos en el kinder aSantafé de Bogotá : bCultural, c2000 a3 a.1 : Introduccion. Yo y mi escuela. Somos asi. Nuestro vecindario. V.2 : Nos comunicamos. Heroes y superheroes. La naturaleza. V.3 : En la epoca de la Colonia. Somos astronautas. El agua. Nos despedimos del jardin.14aAPTITUD MOTORA EN NIÑOS - ENSEÑANZA ELEMENTAL91966814aeducación PREESCOLAR91549614aEXPRESION INFANTIL - ENSEÑANZA ELEMENTAL919669 2ddccBK c24224d24224 00102ddc40708008aMEVIECARbMEVIECARd2015-12-04hVolumen. 1 | 11/jun/2009l1oRUBp p13497r2019-04-15 00:00:00s2019-04-06tEj. 1w2015-12-04yBK 00102ddc40708INFaMEPLOPEZbMEPLOPEZcSInfd2025-05-12l0oRUBppPLZ00643r2025-05-12 14:26:37tEj.1w2025-05-12yBK